LEADER 01063cam0-22003491i-450- 001 990007020790403321 005 20070704100154.0 010 $a0-471-34846-5 035 $a000702079 035 $aFED01000702079 035 $a(Aleph)000702079FED01 035 $a000702079 100 $a20011217d2001----km-y0itay50------ba 101 0 $aeng 102 $aUS 105 $ay-------001yy 200 1 $a<>Introduction to probability and statistics$fVijay K. Rohatgi, A. K. MD. Ehsanes Saleh 205 $a2. ed. 210 $aNew York$cJohn Wiley & Sons$d2001 215 $aXVI, 716 p.$d28 cm 225 1 $aWiley series in probability and statistics.$iTexts and references section 610 0 $aProbabilità 676 $a519.2$v21$zita 700 1$aRohatgi,$bVijay K.$058637 701 1$aSaleh,$bA. K. Md. Ehsanes$0150888 801 0$aIT$bUNINA$gRICA$2UNIMARC 901 $aBK 912 $a990007020790403321 952 $aVI E 902$b36984$fFSPBC 959 $aFSPBC 996 $aIntroduction to probability and statistics$9474438 997 $aUNINA LEADER 01256nam2-2200385li-450 001 990000212580203316 005 20180312154642.0 010 $a3-540-16049-3 035 $a0021258 035 $aUSA010021258 035 $a(ALEPH)000021258USA01 035 $a0021258 100 $a20001109d1986----km-y0itay0103----ba 101 0 $aeng 102 $aGW 200 1 $aDegeneracy graphs and the neighbourhood problem$fH.-J. Kruse 210 $aBerlin [etc.]$cSpringer-Verlag$dcopyr.1986 215 $aVIII, 126 p.$cill.$d25 cm 225 2 $aLecture notes in economics and mathematical systems$v260 410 0$10010021202$12001$aLecture notes in economics and mathematical systems 610 1 $adegenerazione (matematica) 610 1 $agrafi 676 $a5115$9Teoria e costruzione dei grafi 700 1$aKruse,$bH.J.$0415225 801 $aSistema bibliotecario di Ateneo dell' Università di Salerno$gRICA 912 $a990000212580203316 951 $a650 LNES (260)$b0012101 959 $aBK 969 $aSCI 979 $c19910213 979 $c20001110$lUSA01$h1714 979 $c20020403$lUSA01$h1629 979 $aPATRY$b90$c20040406$lUSA01$h1615 996 $aDegeneracy graphs and the neighbourhood problem$9696904 997 $aUNISA